<?xml version="1.0" encoding="UTF-8"?>
<collection xmlns="http://www.loc.gov/MARC21/slim">
 <record>
  <leader>00674pamaa2200181   4500</leader>
  <controlfield tag="001">0000017829</controlfield>
  <controlfield tag="005">20070720090000.0</controlfield>
  <datafield tag="020" ind1="0" ind2="0">
   <subfield code="a">0803272472 </subfield>
  </datafield>
  <datafield tag="082" ind1=" " ind2=" ">
   <subfield code="a">333.95 HUT 1990</subfield>
  </datafield>
  <datafield tag="090" ind1="0" ind2="0">
   <subfield code="a">QH76 </subfield>
   <subfield code="b">HUT 1990</subfield>
  </datafield>
  <datafield tag="100" ind1="1" ind2="0">
   <subfield code="a">Huth </subfield>
  </datafield>
  <datafield tag="245" ind1="1" ind2="0">
   <subfield code="a">Nature and the American : </subfield>
   <subfield code="b">three centuries of changing attitudes  </subfield>
   <subfield code="c">Hans Huth.</subfield>
  </datafield>
  <datafield tag="250" ind1="0" ind2="0">
   <subfield code="a">New Edition.</subfield>
  </datafield>
  <datafield tag="260" ind1="0" ind2="0">
   <subfield code="a">Lincoln: </subfield>
   <subfield code="b">University of Nebraska Press, </subfield>
   <subfield code="c">1990.</subfield>
  </datafield>
  <datafield tag="300" ind1=" " ind2=" ">
   <subfield code="a">xlv, 250p.: </subfield>
   <subfield code="b">23cm.</subfield>
  </datafield>
  <datafield tag="650" ind1="0" ind2="0">
   <subfield code="a">Nature conservation -- </subfield>
   <subfield code="x">Public opinion -- </subfield>
   <subfield code="x">History -- </subfield>
   <subfield code="z">United States </subfield>
  </datafield>
  <datafield tag="650" ind1="0" ind2="0">
   <subfield code="a">Conservation of natural resources -- </subfield>
   <subfield code="x">Public opinion -- </subfield>
   <subfield code="x">History -- </subfield>
   <subfield code="z">United States </subfield>
  </datafield>
  <datafield tag="650" ind1="0" ind2="0">
   <subfield code="a">Public opinion -- </subfield>
   <subfield code="x">History -- </subfield>
   <subfield code="z">United States </subfield>
  </datafield>
 </record>
</collection>
